| 000 | 01066nam a22003137a 4500 | ||
|---|---|---|---|
| 003 | CHAP | ||
| 005 | 20220329143820.0 | ||
| 008 | 110927s1975 mx a r 00010 spe d | ||
| 010 | _a102243 | ||
| 011 | _a103215 | ||
| 035 | _a113904 | ||
| 040 | _cCHAP | ||
| 090 | _aFolleto 18082 (1975) | ||
| 100 | 0 | 0 |
_aSifuentes Aguilar, Juan Antonio. _9105887 |
| 245 | 1 | 0 |
_aGuía de recomendaciones para el control de plagas agrícolas en México, 1975 _c/por J. A. Sifuentes A. |
| 260 |
_aMéxico, D. F. : _bINIA, _c1975 |
||
| 300 |
_a26 p. _b: ilus. |
||
| 490 | 0 |
_aFolleto de divulgación _v; 51 |
|
| 590 |
_aBATCH-UPD _b10 _c20130110 _lUCH01 _h1142 |
||
| 590 |
_aBATCH-UPD _b10 _c20130410 _lUCH01 _h0728 |
||
| 590 |
_aBATCH-UPD _b10 _c20130914 _lUCH01 _h0028 |
||
| 590 |
_aCONVERSION _b10 _c20130109 _lUCH01 _h1356 |
||
| 650 | 1 | 4 |
_aAgricultura _xPlagas. _91764 |
| 650 | 1 | 4 |
_aAgricultura _zMéxico. _91932 |
| 830 | 0 |
_aFolleto de divulgación _v; 51 _942033 |
|
| 901 | _aBK | ||
| 942 | _cFOLL | ||
| 949 |
_aFolleto 18082 (1975) _bBC _cFOLL _d33724002255314 _eTS1 _gDonaciØn _i113904 _sb |
||
| 999 |
_c102243 _d102243 |
||